The ancient and medieval architecture of india: : (Record no. 353066)

000 -LEADER
fixed length control field 01192 a2200241 4500
003 - CONTROL NUMBER IDENTIFIER
control field OSt
005 - DATE AND TIME OF LATEST TRANSACTION
control field 20180116192354.0
008 - FIXED-LENGTH DATA ELEMENTS--GENERAL INFORMATION
fixed length control field 120613t xxu||||| |||| 00| 0 eng d
020 ## - INTERNATIONAL STANDARD BOOK NUMBER
International Standard Book Number 1429765755 (paperback)
020 ## - INTERNATIONAL STANDARD BOOK NUMBER
International Standard Book Number 9781429765756 (paperback)
040 ## - CATALOGING SOURCE
Transcribing agency 0
082 ## - DEWEY DECIMAL CLASSIFICATION NUMBER
Classification number 722.954
100 1# - MAIN ENTRY--PERSONAL NAME
Personal name Havell, E. B. (Ernest Binfield)
9 (RLIN) 4502
245 14 - TITLE STATEMENT
Title The ancient and medieval architecture of india: :
Remainder of title a study of indo-aryan civilisation, /
Statement of responsibility, etc. E. B. (Ernest Binfield) Havell.
260 ## - PUBLICATION, DISTRIBUTION, ETC.
Place of publication, distribution, etc. London :
Name of publisher, distributor, etc. John Murray,
Date of publication, distribution, etc. 1915.
300 ## - PHYSICAL DESCRIPTION
Extent 230 p . :
Other physical details ill. ;
Dimensions 25 cm.
520 ## - SUMMARY, ETC.
Summary, etc. Originally published in 1915. This volume from the Cornell University Library's print collections was scanned on an APT BookScan and converted to JPG 2000 format by Kirtas Technologies. All titles scanned cover to cover and pages may include marks, notations and other marginalia present in the original volume.
650 10 - SUBJECT ADDED ENTRY--TOPICAL TERM
Topical term or geographic name entry element Ancient architecture
9 (RLIN) 4503
650 10 - SUBJECT ADDED ENTRY--TOPICAL TERM
Topical term or geographic name entry element Architecture, Medieval.
Geographic subdivision India
9 (RLIN) 4504
856 40 - ELECTRONIC LOCATION AND ACCESS
Materials specified Amazon.com
Uniform Resource Identifier <a href="http://www.amazon.com/exec/obidos/ASIN/1429765755/chopaconline-20">http://www.amazon.com/exec/obidos/ASIN/1429765755/chopaconline-20</a>
942 ## - ADDED ENTRY ELEMENTS (KOHA)
Institution code [OBSOLETE] SADA
Koha item type Book
Call number prefix 722.954 HAV 2009
Source of classification or shelving scheme
952 ## - LOCATION AND ITEM INFORMATION (KOHA)
-- BOOK
Holdings
Withdrawn status Lost status Source of classification or shelving scheme Damaged status Not for loan Permanent Location Current Location Date acquired Total Checkouts Full call number Barcode Date last seen Date last checked out Cost, replacement price Price effective from Koha item type
          School of Art Design and Architecture (SADA) School of Art Design and Architecture (SADA) 06/16/2011 2 722.954 HAV 2009 SADA0001302 10/01/2015 10/01/2015 2467.00 08/05/2011 Book
© 2023 Central Library, National University of Sciences and Technology. All Rights Reserved.